| 000 | 00450nam a2200181Ia 4500 | ||
|---|---|---|---|
| 003 | OSt | ||
| 005 | 20230110121847.0 | ||
| 008 | 211109s9999||||xx |||||||||||||| ||und|| | ||
| 040 | _csbcl | ||
| 082 |
_a420 _bBRA -M |
||
| 100 | _aBradley, Henry | ||
| 245 | 0 | _aThe Making Of English | |
| 260 |
_bMacmillan and Company _aLondon _c1964 |
||
| 300 | _a339p. | ||
| 630 | _xReference Reading Room | ||
| 650 |
_aLanguage _x English & Old English |
||
| 942 | _cBOOK | ||
| 999 |
_c20 _d20 |
||